Statistics for Top 10 South Korean cities by population

Click here to take the quiz!

General Stats

  • This quiz has been taken 538 times
  • The average score is 5 of 10

Answer Stats

Hint Answer % Correct
9,794,304Seoul
100%
3,414,950Busan
95%
2,662,509Incheon
70%
2,446,418Daegu
68%
1,469,293Gwangju
40%
1,082,567Ulsan
36%
1,501,859Daejeon
35%
1,071,913Suwon
25%
1,058,021Changwon
10%
949,964Seongnam
8%

Score Distribution

Percentile by Number Answered

Percent of People with Each Score

Your Score History

You have not taken this quiz